|
|
|
|
| LEADER |
01425nam a2200349 u 4500 |
| 001 |
10075207 |
| 003 |
upatras |
| 005 |
20210117201844.0 |
| 008 |
090520s2002 eng |
| 020 |
|
|
|a 9780444511409
|
| 020 |
|
|
|a 0444511407
|
| 040 |
|
|
|a GR-PaULI
|c GR-PaULI
|
| 041 |
0 |
|
|a eng
|
| 050 |
|
4 |
|a QC183
|b .A35 2002eb
|
| 082 |
1 |
4 |
|a 668/.3
|2 22
|
| 245 |
1 |
0 |
|a Adhesion science and engineering
|h [electronic resource]
|c [series editor, A.V. Pocius]
|
| 250 |
|
|
|a 1st ed
|
| 260 |
|
|
|a Amsterdam
|a Boston
|b Elsevier
|c 2002
|
| 300 |
|
|
|a 2 v.
|b εικ.
|c 25 εκ
|
| 504 |
|
|
|a Includes bibliographical references and indexes
|
| 505 |
1 |
|
|a 1. The mechanics of adhesion / edited by D.A. Dillard, A.V. Pocius -- 2. Surfaces, chemistry and applications / edited by M. Chaudhury, A.V. Pocius
|
| 650 |
|
4 |
|a Adhesion
|9 75359
|
| 650 |
|
4 |
|a Adhesives
|9 74246
|
| 700 |
1 |
|
|a Pocius, Alphonsus V
|9 75360
|
| 700 |
1 |
|
|a Dillard, David A
|9 75361
|
| 700 |
1 |
|
|a Chaudhury, Manoj Kumar
|9 75362
|
| 710 |
2 |
|
|a ScienceDirect (Online service)
|9 35187
|
| 852 |
|
|
|a GR-PaULI
|b ΠΑΤΡΑ
|b ΒΚΠ
|h 668/.3 ADH
|
| 856 |
4 |
0 |
|3 ScienceDirect
|u http://www.sciencedirect.com/science/book/9780444511409
|z An electronic book accessible through the World Wide Web; click for information
|
| 942 |
|
|
|2 ddc
|
| 952 |
|
|
|0 0
|1 0
|4 0
|6 668_000000000000000__3_ADH
|7 0
|9 76306
|a LISP
|b LISP
|d 2016-04-24
|l 0
|o 668/.3 ADH
|r 2016-04-24 00:00:00
|w 2016-04-24
|y ERS
|
| 999 |
|
|
|c 51074
|d 51074
|